| 000 | 00822nac a22002411u 4500 | ||
|---|---|---|---|
| 010 | _a 73593746 | ||
| 020 | _a0632097205 | ||
| 082 | 0 | 0 |
_a616.15 _bJ762 |
| 090 |
_c3629 _d3629 |
||
| 100 | _aHughes-Jones, N. C. | ||
| 245 | 1 | 0 |
_aLecture notes on haematology _c[by] N. C. Hughes-Jones. |
| 250 | _a2nd ed. | ||
| 260 |
_aOxford, _bBlackwell Scientific, _c1973. |
||
| 300 |
_aviii, 171, [16] p. _billus., map. _c19 cm. |
||
| 500 | _aDonations | ||
| 500 | _aDonations-Bibliotheca Alexandrina | ||
| 504 | _aIncludes bibliographies and index. | ||
| 650 | 0 | _aHematology. | |
| 650 | 0 |
_aBlood _xDiseases _xDiagnosis. |
|
| 650 | 0 | _aHematologic diseases. | |
| 942 |
_cBB _k616.15J762 |
||
| 999 |
_c3629 _d3629 |
||